000 00427nam a2200181Ia 4500
001 297
005 20260306122753.0
008 260306t2002||||xx |||||||||||||| ||spa||
041 _aESP
082 _a020.2
_bM
100 _aLópez Yepes, José
_eAUT
245 0 _aManual de ciencias de la documentación
260 _c2002
300 _a742 páginas :
_c22cm.
650 _aGEN
654 _aCHU
942 _cLIB
_dJUS
_fJUS
_2ddc
_n
999 _c297
_d297